[Event "Kolobrzeg op"]
[Site "Kolobrzeg"]
[Date "2008.08.24"]
[Round "7"]
[White "Kielar, Maciej"]
[Black "Warchalowski, Daniel"]
[Result "1-0"]
[WhiteElo "2045"]
[BlackElo "2057"]
[PlyCount "91"]
[EventDate "2008.08.18"]
[EventType "swiss"]
[EventRounds "9"]
[EventCountry "POL"]
[SourceTitle "CBM 126 Extra"]
[Source "ChessBase"]
[SourceDate "2008.11.05"]
[SourceVersion "1"]
[SourceVersionDate "2008.11.05"]
[SourceQuality "1"]

1. Nf3 Nc6 2. g3 e5 3. d3 Bc5 4. c4 h6 5. Bg2 d6 6. Nc3 a5 7. 0-0 Nf6 8. Na4 Ba7 9. a3 0-0 10. Bd2 e4 11. dxe4 Nxe4 12. Be1 Ng5 13. Nxg5 Qxg5 14. b4 axb4 15. axb4 Ne7 16. Nc3 c6 17. Ne4 Qh5 18. Nxd6 Bg4 19. Bf3 Bxf3 20. exf3 Rfd8 21. c5 Nc8 22. Bc3 Nxd6 23. cxd6 c5 24. Qd3 cxb4 25. Bxb4 Qe5 26. Kg2 Bb6 27. Rxa8 Rxa8 28. Rd1 Ra2 29. Bd2 Qc5 30. Be1 Qc2 31. Qxc2 Rxc2 32. Rb1 Bd8 33. Rxb7 Rc1 34. Bb4 Bf6 35. f4 g6 36. Kf3 Rd1 37. Ke4 Rd4+ 38. Ke3 Rd5 39. Rc7 Kg7 40. Bc5 Rd1 41. Ke4 Rd2 42. Rb7 Rd1 43. Rb4 Kh7 44. Bd4 Kg7 45. Bxf6+ Kxf6 46. Rd4 1-0

[Event "POL-chT3 Slaskie"]
[Site "Poland"]
[Date "2008.05.11"]
[Round "9.62"]
[White "Surman, Martin"]
[Black "Warchalowski, Daniel"]
[Result "1-0"]
[WhiteElo "2104"]
[BlackElo "2057"]
[PlyCount "105"]
[EventDate "2008.02.03"]
[EventType "team-swiss"]
[EventRounds "9"]
[EventCountry "POL"]
[SourceTitle "EXT 2019"]
[Source "ChessBase"]
[SourceDate "2018.10.10"]
[SourceVersion "1"]
[SourceVersionDate "2018.10.10"]
[SourceQuality "1"]

1. e4 e5 2. Nf3 Nc6 3. Bb5 Nf6 4. 0-0 Nxe4 5. Qe2 Nd6 6. Bxc6 dxc6 7. Nxe5 Be7 8. Re1 Be6 9. d4 Nf5 10. c3 0-0 11. Nd2 c5 12. dxc5 Bxc5 13. Ne4 Bb6 14. Bf4 Qc8 15. Nc4 Bxc4 16. Qxc4 c6 17. Rad1 Bc7 18. Bxc7 Qxc7 19. Qd3 Nh4 20. Qg3 Qxg3 21. hxg3 Ng6 22. Rd7 b6 23. Red1 Rfe8 24. f3 Re7 25. Rxe7 Nxe7 26. Rd7 Ng6 27. Nd6 f6 28. Nf5 Ne5 29. Rxg7+ Kh8 30. Rc7 c5 31. b4 cxb4 32. cxb4 Nd3 33. b5 Re8 34. Rxa7 Re1+ 35. Kh2 h5 36. g4 hxg4 37. fxg4 Nf2 38. Ra6 Re6 39. Kg3 Ne4+ 40. Kh4 Nc5 41. Ra8+ Kh7 42. Kh5 Nd3 43. Ra7+ Kg8 44. Nh6+ Kf8 45. g3 Ne5 46. Nf5 Re8 47. Rb7 Re6 48. a4 Nd3 49. Ra7 Ne5 50. a5 bxa5 51. Rxa5 Rb6 52. Ra6 Rxb5 53. Ra8+ 1-0

[Event "POL-chT3 Slaskie"]
[Site "Poland"]
[Date "2008.02.03"]
[Round "2.10"]
[White "Bojdol, Robert"]
[Black "Warchalowski, Daniel"]
[Result "1-0"]
[WhiteElo "2098"]
[BlackElo "2057"]
[PlyCount "52"]
[EventDate "2008.02.03"]
[EventType "team-swiss"]
[EventRounds "9"]
[EventCountry "POL"]
[SourceTitle "EXT 2019"]
[Source "ChessBase"]
[SourceDate "2018.10.10"]
[SourceVersion "1"]
[SourceVersionDate "2018.10.10"]
[SourceQuality "1"]

1. e4 e5 2. f4 Bc5 3. Nf3 d6 4. c3 Nc6 5. Bb5 Bg4 6. h3 Bxf3 7. Qxf3 Nge7 8. d3 a6 9. Ba4 Qd7 10. Na3 0-0-0 11. b4 Ba7 12. b5 axb5 13. Nxb5 Bb6 14. Be3 Bxe3 15. Qxe3 exf4 16. Qxf4 Kb8 17. 0-0 f5 18. Qe3 Qe6 19. Rab1 fxe4 20. Nxc7 Qc8 21. Bxc6 Nxc6 22. Na6+ Ka8 23. Nb4 d5 24. Rb3 exd3 25. Ra3+ Kb8 26. Qf4+ Qc7 1-0

[Event "Rewal op-A 12th"]
[Site "Rewal"]
[Date "2007.08.26"]
[Round "6"]
[White "Warchalowski, Daniel"]
[Black "Dinckel, Joerg"]
[Result "1-0"]
[WhiteElo "2061"]
[BlackElo "2066"]
[PlyCount "47"]
[EventDate "2007.08.20"]
[EventType "swiss"]
[EventRounds "9"]
[EventCountry "POL"]
[SourceTitle "CBM 120 Extra"]
[Source "ChessBase"]
[SourceDate "2007.11.01"]
[SourceVersion "1"]
[SourceVersionDate "2007.11.01"]
[SourceQuality "1"]

1. e4 c5 2. Nc3 Nc6 3. f4 e6 4. Nf3 d5 5. Bb5 Nf6 6. Bxc6+ bxc6 7. d3 Be7 8. 0-0 0-0 9. Qe1 Ba6 10. e5 Nd7 11. Qg3 g6 12. Qh3 c4 13. d4 c5 14. Kh1 Qc7 15. dxc5 Nxc5 16. f5 exf5 17. Nxd5 Qb7 18. Nxe7+ Qxe7 19. Bg5 Qc7 20. Bf6 h5 21. Nd4 c3 22. Rxf5 cxb2 23. Rb1 Bc8 24. Qxh5 1-0

[Event "POL-chT3 Liga Slaska"]
[Site "Poland"]
[Date "2007.05.13"]
[Round "9"]
[White "Warchalowski, Daniel"]
[Black "Moskalik, Andrzej"]
[Result "1-0"]
[WhiteElo "2031"]
[BlackElo "2147"]
[PlyCount "31"]
[EventDate "2007.01.28"]
[EventType "team-swiss"]
[EventRounds "9"]
[EventCountry "POL"]
[SourceTitle "EXT 2011"]
[Source "ChessBase"]
[SourceDate "2010.11.26"]
[SourceVersion "1"]
[SourceVersionDate "2010.11.26"]
[SourceQuality "1"]
[WhiteTeam "Gliwice Carbo"]
[BlackTeam "Gliwice Politechnika Slaska II"]
[WhiteTeamCountry "POL"]
[BlackTeamCountry "POL"]

1. e4 e6 2. d4 d5 3. exd5 exd5 4. Nf3 Bd6 5. c4 dxc4 6. Bxc4 Nf6 7. 0-0 0-0 8. Bg5 Nc6 9. Nc3 h6 10. Bh4 Bg4 11. Ne4 g5 12. Nxd6 Qxd6 13. Bg3 Qb4 14. Bb3 Rad8 15. Qd3 Nxd4 16. Qg6+ 1-0

[Event "POL-chT3 Liga Slaska"]
[Site "Poland"]
[Date "2007.05.12"]
[Round "8"]
[White "Warchalowski, Daniel"]
[Black "Paczkowski, Adam"]
[Result "1-0"]
[WhiteElo "2031"]
[BlackElo "2048"]
[PlyCount "83"]
[EventDate "2007.01.28"]
[EventType "team-swiss"]
[EventRounds "9"]
[EventCountry "POL"]
[SourceTitle "EXT 2011"]
[Source "ChessBase"]
[SourceDate "2010.11.26"]
[SourceVersion "1"]
[SourceVersionDate "2010.11.26"]
[SourceQuality "1"]
[WhiteTeam "Gliwice Carbo"]
[BlackTeam "Szopienice HetMaN"]
[WhiteTeamCountry "POL"]
[BlackTeamCountry "POL"]

1. e4 c6 2. d4 d5 3. f3 g6 4. Nc3 Bg7 5. e5 e6 6. g3 Nd7 7. Bg2 a6 8. Nge2 c5 9. f4 Ne7 10. dxc5 Nxc5 11. Be3 Qc7 12. 0-0 Nf5 13. Bf2 h5 14. Nd4 b5 15. Nxf5 gxf5 16. Qd4 Bf8 17. Rfc1 Bb7 18. b4 Ne4 19. Nxe4 fxe4 20. a4 bxa4 21. c4 Qd7 22. cxd5 Bxd5 23. Bxe4 Rb8 24. Bxd5 Qxd5 25. Qxd5 exd5 26. Rxa4 Bxb4 27. Rxb4 Rxb4 28. Rc8+ Kd7 29. Rxh8 d4 30. Ra8 Ra4 31. Rb8 Kc7 32. Rf8 d3 33. Rxf7+ Kc6 34. Rf6+ Kd5 35. Rd6+ Ke4 36. e6 Kf5 37. e7 Re4 38. Rxd3 Rxe7 39. Rd6 h4 40. Rxa6 Rb7 41. Rh6 Kg4 42. Kg2 1-0

[Event "POL-chT3 Liga Slaska"]
[Site "Poland"]
[Date "2007.02.11"]
[Round "3"]
[White "Warchalowski, Daniel"]
[Black "Bitman, Marek"]
[Result "1-0"]
[WhiteElo "2031"]
[BlackElo "2057"]
[PlyCount "87"]
[EventDate "2007.01.28"]
[EventType "team-swiss"]
[EventRounds "9"]
[EventCountry "POL"]
[SourceTitle "EXT 2011"]
[Source "ChessBase"]
[SourceDate "2010.11.26"]
[SourceVersion "1"]
[SourceVersionDate "2010.11.26"]
[SourceQuality "1"]
[WhiteTeam "Gliwice Carbo"]
[BlackTeam "Rybnik MKSz II"]
[WhiteTeamCountry "POL"]
[BlackTeamCountry "POL"]

1. e4 e5 2. Nf3 Nc6 3. d4 exd4 4. Nxd4 Nf6 5. Nxc6 bxc6 6. e5 Qe7 7. Qe2 Nd5 8. c4 Ba6 9. b3 g6 10. g3 Bg7 11. Bb2 0-0-0 12. Bh3 Rhe8 13. 0-0 Nb6 14. Re1 Kb8 15. Nd2 d6 16. Nf3 c5 17. Qc2 Qf8 18. exd6 cxd6 19. Rad1 Rxe1+ 20. Rxe1 Bxb2 21. Qxb2 Bb7 22. Qf6 Nd7 23. Qf4 f6 24. Bxd7 Bxf3 25. Qxf3 Rxd7 26. Re6 f5 27. Qc6 Qd8 28. a3 Qc7 29. Qb5+ Ka8 30. b4 cxb4 31. axb4 Rd8 32. Qd5+ Kb8 33. Re1 Qb6 34. Re7 Qxb4 35. Rxh7 Qe1+ 36. Kg2 Qe4+ 37. Qxe4 fxe4 38. Re7 d5 39. cxd5 Rxd5 40. Rxe4 Kc7 41. Re7+ Kb8 42. h4 a5 43. Re6 g5 44. h5 1-0

[Event "POL-chT3 Liga Slaska"]
[Site "Poland"]
[Date "2007.01.28"]
[Round "2"]
[White "Turlej, Lukasz"]
[Black "Warchalowski, Daniel"]
[Result "1/2-1/2"]
[WhiteElo "2155"]
[BlackElo "2031"]
[PlyCount "91"]
[EventDate "2007.01.28"]
[EventType "team-swiss"]
[EventRounds "9"]
[EventCountry "POL"]
[SourceTitle "EXT 2011"]
[Source "ChessBase"]
[SourceDate "2010.11.26"]
[SourceVersion "1"]
[SourceVersionDate "2010.11.26"]
[SourceQuality "1"]
[WhiteTeam "Dabrowa Gornicza Zaglebie"]
[BlackTeam "Gliwice Carbo"]
[WhiteTeamCountry "POL"]
[BlackTeamCountry "POL"]

1. d4 d5 2. c4 Nc6 3. Nf3 Bg4 4. Nc3 e6 5. Bf4 Nf6 6. e3 Bd6 7. Bg5 dxc4 8. Bxc4 Be7 9. 0-0 0-0 10. Rc1 Rc8 11. Bb5 Nb4 12. Bxf6 Bxf6 13. Qa4 Nd5 14. Qxa7 Nxc3 15. Rxc3 Bxf3 16. gxf3 Qd5 17. Be2 Ra8 18. Qc5 Qxc5 19. Rxc5 Rxa2 20. Rb1 c6 21. Bc4 Ra7 22. b4 Rfa8 23. Kg2 Kf8 24. Bd3 Ra3 25. Be4 Be7 26. Rcc1 f5 27. Bc2 Rc3 28. Bb3 Rxc1 29. Rxc1 Kf7 30. b5 Ra3 31. bxc6 bxc6 32. Bc4 Ra7 33. Bb3 Rc7 34. e4 fxe4 35. fxe4 c5 36. d5 exd5 37. Bxd5+ Kf6 38. f4 g5 39. f5 Bd6 40. h3 Rc8 41. Kf3 h5 42. Rd1 Bf4 43. h4 c4 44. Be6 Rc7 45. hxg5+ Bxg5 46. Rd7 1/2-1/2

[Event "POL-chT3 Liga Slaska"]
[Site "Poland"]
[Date "2007.01.28"]
[Round "1"]
[White "Ziebinski, Bartosz"]
[Black "Warchalowski, Daniel"]
[Result "0-1"]
[WhiteElo "1866"]
[BlackElo "2031"]
[PlyCount "74"]
[EventDate "2007.01.28"]
[EventType "team-swiss"]
[EventRounds "9"]
[EventCountry "POL"]
[SourceTitle "EXT 2011"]
[Source "ChessBase"]
[SourceDate "2010.11.26"]
[SourceVersion "1"]
[SourceVersionDate "2010.11.26"]
[SourceQuality "1"]
[WhiteTeam "Czestochowa UKS Hetman"]
[BlackTeam "Gliwice Carbo"]
[WhiteTeamCountry "POL"]
[BlackTeamCountry "POL"]

1. e4 e5 2. Nf3 Nc6 3. Bc4 Be7 4. 0-0 d6 5. d3 Nf6 6. Be3 0-0 7. h3 a6 8. c3 Na5 9. Bb3 Nxb3 10. Qxb3 b6 11. Nbd2 Be6 12. Qc2 Nd7 13. d4 f5 14. dxe5 f4 15. Bd4 c5 16. exd6 Bxd6 17. e5 Be7 18. Qe4 cxd4 19. cxd4 b5 20. Nb3 Nb6 21. Rfd1 Bd5 22. Qe2 Na4 23. Rac1 Rc8 24. Rxc8 Qxc8 25. Rc1 Bc4 26. Qd2 Qe6 27. Nc5 Nxc5 28. dxc5 Bxa2 29. Qe2 Bc4 30. Qe4 Bd5 31. Nd4 Bxe4 32. Nxe6 Rc8 33. Nd4 Rxc5 34. Re1 Bd5 35. e6 g6 36. Re2 Kg7 37. g3 Rc1+ 0-1

[Event "Rewal op 11th"]
[Site "Rewal"]
[Date "2006.08.25"]
[Round "6"]
[White "Warchalowski, Daniel"]
[Black "Moldawski, Tomasz"]
[Result "1/2-1/2"]
[WhiteElo "2031"]
[BlackElo "2164"]
[PlyCount "55"]
[EventDate "2006.08.21"]
[EventType "swiss"]
[EventRounds "11"]
[EventCountry "POL"]
[SourceTitle "EXT 2010"]
[Source "ChessBase"]
[SourceDate "2010.11.25"]
[SourceVersion "1"]
[SourceVersionDate "2010.11.25"]
[SourceQuality "1"]

1. e4 c5 2. Nc3 Nc6 3. f4 g6 4. Nf3 Bg7 5. Bb5 Nd4 6. Bd3 d6 7. Nxd4 Bxd4 8. Ne2 Bg7 9. 0-0 d5 10. Bb5+ Bd7 11. Bxd7+ Qxd7 12. d3 dxe4 13. dxe4 Qc6 14. e5 Nh6 15. Ng3 0-0 16. Qe2 f5 17. a4 Rfd8 18. h3 e6 19. Be3 Bf8 20. Qb5 Qc7 21. Qc4 Kf7 22. Ne2 Qa5 23. Rfd1 Ng8 24. Qb5 Qxb5 25. axb5 Rxd1+ 26. Rxd1 Ke8 27. Nc3 b6 28. Nb1 1/2-1/2

[Event "Rewal op 11th"]
[Site "Rewal"]
[Date "2006.08.21"]
[Round "2"]
[White "Wandzik, Wojciech"]
[Black "Warchalowski, Daniel"]
[Result "0-1"]
[WhiteElo "1908"]
[BlackElo "2031"]
[PlyCount "46"]
[EventDate "2006.08.21"]
[EventType "swiss"]
[EventRounds "11"]
[EventCountry "POL"]
[SourceTitle "EXT 2010"]
[Source "ChessBase"]
[SourceDate "2010.11.25"]
[SourceVersion "1"]
[SourceVersionDate "2010.11.25"]
[SourceQuality "1"]

1. e4 e5 2. Nf3 Nc6 3. Bc4 Be7 4. d4 exd4 5. Nxd4 d6 6. Nxc6 bxc6 7. 0-0 Nf6 8. Nc3 0-0 9. h3 Bb7 10. Bd3 d5 11. e5 Nd7 12. f4 f5 13. Ne2 Nc5 14. Nd4 Nxd3 15. Qxd3 Qc8 16. c4 c5 17. Ne2 d4 18. Ng3 Qe6 19. b3 Bh4 20. Ba3 Qc6 21. Rf2 Qg6 22. Kh2 Be4 23. Qd2 Qxg3+ 0-1

[Event "Polanica Zdroj op-B 41st"]
[Site "Polanica Zdroj"]
[Date "2005.08.21"]
[Round "3"]
[White "Hermanowicz, Dominika"]
[Black "Warchalowski, Daniel"]
[Result "1-0"]
[WhiteElo "2079"]
[BlackElo "1966"]
[PlyCount "74"]
[EventDate "2005.08.19"]
[EventType "swiss"]
[EventRounds "10"]
[EventCountry "POL"]
[SourceTitle "CBM 108 Extra"]
[Source "ChessBase"]
[SourceDate "2005.11.04"]
[SourceVersion "1"]
[SourceVersionDate "2005.11.04"]
[SourceQuality "1"]

1. e4 e5 2. Nf3 Nc6 3. Bb5 g6 4. 0-0 Bg7 5. c3 d6 6. h3 Nge7 7. d4 0-0 8. Be3 a6 9. Ba4 Kh8 10. dxe5 Nxe5 11. Nxe5 dxe5 12. Qe2 c6 13. Rd1 Qa5 14. Bb3 c5 15. a4 Qc7 16. a5 b5 17. axb6 Qxb6 18. Nd2 Bb7 19. Qc4 Rac8 20. Nf3 Rc7 21. Rd2 Qb5 22. Ng5 Ng8 23. Qxb5 axb5 24. Bd5 Bxd5 25. exd5 h6 26. Ne4 c4 27. Ra5 Rb7 28. Nd6 Rd7 29. Nxb5 Rfd8 30. Na3 Kh7 31. Nxc4 Ne7 32. d6 Nf5 33. Bb6 Rb8 34. Bc7 Rb7 35. Nb6 Rbxc7 36. dxc7 Rxc7 37. Nd5 Rd7 1-0

[Event "POL-chT2 U18"]
[Site "Sielpa"]
[Date "2004.??.??"]
[Round "9"]
[White "Cajbel, Maciej"]
[Black "Warchalowski, Daniel"]
[Result "1-0"]
[WhiteElo "2210"]
[BlackElo "1800"]
[PlyCount "73"]
[EventDate "2004.??.??"]
[EventType "team"]
[EventRounds "11"]
[EventCountry "POL"]
[SourceTitle "EXT 2007"]
[Source "ChessBase"]
[SourceDate "2006.11.23"]
[SourceVersion "1"]
[SourceVersionDate "2006.11.23"]
[SourceQuality "1"]

1. e4 e5 2. f4 d6 3. Nf3 Nc6 4. Bb5 Bg4 5. Bxc6+ bxc6 6. 0-0 Nf6 7. d3 Be7 8. fxe5 dxe5 9. Kh1 0-0 10. h3 Bxf3 11. Qxf3 Rb8 12. Nd2 Nd7 13. Nc4 Bf6 14. Qg3 Qe7 15. b3 Nb6 16. Ba3 c5 17. Ne3 Kh8 18. Nf5 Qe6 19. Bxc5 Rg8 20. Rf2 Ra8 21. Raf1 Nd7 22. Be3 a5 23. a4 Rac8 24. Bc1 c6 25. Bb2 c5 26. Ne3 Nb6 27. Ng4 Nd7 28. Rf5 Rge8 29. Nxf6 gxf6 30. Qh4 Rg8 31. Bc3 Ra8 32. Bd2 Ra6 33. Bh6 Rc6 34. R1f3 Rg6 35. Rh5 Qe7 36. Rg3 Ra6 37. Bg7+ 1-0

[Event "POL-chT2 U18"]
[Site "Sielpa"]
[Date "2004.??.??"]
[Round "8"]
[White "Warchalowski, Daniel"]
[Black "Bukwa, Jaroslaw"]
[Result "1/2-1/2"]
[WhiteElo "1800"]
[BlackElo "1905"]
[PlyCount "47"]
[EventDate "2004.??.??"]
[EventType "team"]
[EventRounds "11"]
[EventCountry "POL"]
[SourceTitle "EXT 2007"]
[Source "ChessBase"]
[SourceDate "2006.11.23"]
[SourceVersion "1"]
[SourceVersionDate "2006.11.23"]
[SourceQuality "1"]

1. e4 c5 2. Nc3 e6 3. f4 d5 4. Bb5+ Bd7 5. Bxd7+ Qxd7 6. Nf3 Be7 7. 0-0 dxe4 8. Nxe4 Nf6 9. d3 Nc6 10. Be3 b6 11. Qe1 Nd5 12. Bd2 Bf6 13. Nxf6+ gxf6 14. Bc3 Nxc3 15. bxc3 0-0-0 16. Nd2 f5 17. Nc4 Rdg8 18. Rf2 Rg7 19. a4 Rhg8 20. a5 b5 21. Ne3 a6 22. Qd2 Qc7 23. Qe2 Qb7 24. Qf3 1/2-1/2